000 01245nam0a2200373 4500
001 RU\NLR\bibl\279235
005 20260406111149.0
010 _a5-7654-1902-X
_95000
021 _aRU
_b2002-7854
_9387
035 _a(NLR Aleph) 000274734
090 _a1606912
_c1606912
100 _a20020613d2002 |||y0rusy50 ca
101 0 _arus
102 _aRU
105 _aa |||||||||
200 1 _aЦелительная сила. Вода жизни
_eСекреты уринотерапии
_fУ ВэйСинь
210 _aСПб.
_cНева
_aМ.
_cОЛМА-пресс
_d2002
215 _a156,[1] с.
_cил.
_d20
225 1 _aКитайская медицина
606 0 _aУринотерапия
_91833607
_3RU\NLR\auth\661121315
606 0 _aКитайская медицина
_91164431
_3RU\NLR\auth\66148619
610 0 _aУринотерапия
675 _a615.89
_v3
_zrus
686 _a76.29
_2rugasnti
686 _a53.59
_2rubbk
686 _aР358.9
686 _aР359.11
700 0 _4070
_8rus
_7ca
_aУ ВэйСинь
_f1940-2018
_3RU\NLR\AUTH\77118631
_9101556
801 0 _aRU
_bRKP
_c20020613
_gPSBO
801 1 _aRU
_bRKP
_c20020613
801 2 _aRU
_bNLR
_c20121220
_grcr
942 _cBOOK
980 _aNB